000
00210nam a2200085Ia 4500
008
240331s9999 xx 000 0 und d
082
_b
NEE
245
0
_a
Neelan Thiruchelwam therinda nadalumandra ureigal
942
_c
L
999
_c
4968
_d
4968